Zákon Národnej rady Slovenskej republiky z 9. marca 1995 o pobyte cudzincov na území Slovenskej republiky
Zákon Národnej rady SR č.73 z 9.3.1995 o pobyte cudzincov na území Slovenskej republiky. Účinnosť od 1.6.1995.
Salvato in:
| Natura: | Capitolo di libro |
|---|---|
| Lingua: | slovacco |
| Soggetti: | |
| Tags: |
Nessun Tag, puoi essere il primo ad aggiungerne!!
|
MARC
| LEADER | 00000naa a2200000 4500 | ||
|---|---|---|---|
| 001 | r016673 | ||
| 005 | 20221213100038.2 | ||
| 041 | 0 | |a slo | |
| 044 | |a SK | ||
| 245 | 1 | 0 | |a Zákon Národnej rady Slovenskej republiky z 9. marca 1995 o pobyte cudzincov na území Slovenskej republiky |
| 520 | |a Zákon Národnej rady SR č.73 z 9.3.1995 o pobyte cudzincov na území Slovenskej republiky. Účinnosť od 1.6.1995. | ||
| 610 | 2 | 0 | |a zákony |
| 610 | 2 | 0 | |a Slovensko |
| 610 | 2 | 0 | |a 1995 |
| 610 | 2 | 0 | |a cudzinci |